[Event "Titled Tuesday intern op 27th Sep Late"]
[Site "Chess.com INT"]
[Date "2022.09.27"]
[Round "2"]
[White "Azaiez, Fahmi"]
[Black "Fernandez, Gerardo"]
[Result "1-0"]
[WhiteElo "2129"]
[BlackElo "2169"]
[PlyCount "93"]
[EventDate "2022.09.27"]
[EventType "swiss (blitz)"]
[EventRounds "11"]
[EventCountry "USA"]
[SourceTitle "CBM 210 Extra"]
[Source "ChessBase"]
[SourceDate "2022.11.30"]
[SourceVersion "1"]
[SourceVersionDate "2022.11.30"]
[SourceQuality "1"]

1. e4 e6 2. d4 d5 3. Nc3 Nc6 4. e5 f6 5. Nf3 fxe5 6. Nxe5 Nf6 7. Bb5 Bd7 8. Bxc6 Bxc6 9. Qe2 Bb4 10. Nxc6 bxc6 11. Qxe6+ Qe7 12. Qxe7+ Kxe7 13. Bd2 Bxc3 14. Bxc3 Kd7 15. f3 Rhe8+ 16. Kd2 Re6 17. Rae1 Rae8 18. Rxe6 Rxe6 19. Re1 Rxe1 20. Kxe1 Ke6 21. Ke2 Nh5 22. Bd2 Nf6 23. Bf4 Kd7 24. Be5 Ne8 25. Ke3 Ke6 26. g4 c5 27. h4 cxd4+ 28. Bxd4 Nd6 29. b3 g6 30. Bxa7 Nb5 31. Bc5 Ke5 32. f4+ Ke6 33. a4 Nc3 34. a5 Ne4 35. Kd4 Kd7 36. f5 gxf5 37. gxf5 Kc6 38. b4 Ng3 39. f6 Nf5+ 40. Ke5 Nxh4 41. a6 h5 42. f7 Ng6+ 43. Kf5 Nf8 44. Bxf8 h4 45. Bc5 h3 46. f8Q h2 47. Qh6+ 1-0

[Event "Titled Tuesday intern op 27th Sep Late"]
[Site "Chess.com INT"]
[Date "2022.09.27"]
[Round "4"]
[White "Azaiez, Fahmi"]
[Black "Gascon del Nogal, Jose Rafael"]
[Result "1-0"]
[WhiteElo "2129"]
[BlackElo "2458"]
[PlyCount "59"]
[EventDate "2022.09.27"]
[EventType "swiss (blitz)"]
[EventRounds "11"]
[EventCountry "USA"]
[SourceTitle "CBM 210 Extra"]
[Source "ChessBase"]
[SourceDate "2022.11.30"]
[SourceVersion "1"]
[SourceVersionDate "2022.11.30"]
[SourceQuality "1"]

1. e4 g6 2. d4 Bg7 3. Nc3 d6 4. f4 a6 5. a4 Nc6 6. Be3 Nf6 7. h3 0-0 8. g4 e5 9. dxe5 dxe5 10. f5 Nd4 11. g5 Nh5 12. f6 Nxf6 13. gxf6 Bxf6 14. Nf3 Be6 15. Bd3 Qd7 16. Bxd4 exd4 17. Ne2 Bxh3 18. Nf4 Bg4 19. Qe2 Qd6 20. Qh2 h5 21. Nd5 Qd8 22. 0-0 c6 23. Nxf6+ Qxf6 24. e5 Qe7 25. Rae1 c5 26. b3 Rab8 27. Nd2 Rbe8 28. Ne4 Qxe5 29. Qxe5 Rxe5 30. Nf6+ 1-0

[Event "Titled Tuesday intern op 27th Sep Late"]
[Site "Chess.com INT"]
[Date "2022.09.27"]
[Round "6"]
[White "Bryakin, Mikhail"]
[Black "Azaiez, Fahmi"]
[Result "1-0"]
[WhiteElo "2427"]
[BlackElo "2129"]
[PlyCount "41"]
[EventDate "2022.09.27"]
[EventType "swiss (blitz)"]
[EventRounds "11"]
[EventCountry "USA"]
[SourceTitle "CBM 210 Extra"]
[Source "ChessBase"]
[SourceDate "2022.11.30"]
[SourceVersion "1"]
[SourceVersionDate "2022.11.30"]
[SourceQuality "1"]

1. c4 e5 2. Nc3 Nc6 3. g3 f5 4. Bg2 Nf6 5. d3 Bb4 6. Bd2 d6 7. a3 Bxc3 8. Bxc3 0-0 9. Nf3 Qe8 10. 0-0 Qh5 11. b4 f4 12. e3 Bg4 13. exf4 exf4 14. d4 Rae8 15. Qd3 Bf5 16. Qd1 Bg4 17. b5 Ne7 18. Qd3 Bf5 19. Qd2 Ne4 20. Qc1 Bg4 21. Nd2 1-0

[Event "Titled Tuesday intern op 23rd Aug Early"]
[Site "Chess.com INT"]
[Date "2022.08.23"]
[Round "4"]
[White "Piliczewski, Bogusz"]
[Black "Azaiez, Fahmi"]
[Result "0-1"]
[WhiteElo "1950"]
[BlackElo "2129"]
[PlyCount "104"]
[EventDate "2022.08.23"]
[EventType "swiss (blitz)"]
[EventRounds "11"]
[EventCountry "USA"]
[SourceTitle "EXT 2023"]
[Source "ChessBase"]
[SourceDate "2022.10.05"]
[SourceVersion "1"]
[SourceVersionDate "2022.10.05"]
[SourceQuality "1"]

1. d4 e6 2. Nf3 Nf6 3. Bg5 c5 4. e3 h6 5. Bh4 cxd4 6. exd4 Qb6 7. Nc3 Qxb2 8. Nb5 Bb4+ 9. Ke2 Nd5 10. Rb1 Nc3+ 11. Nxc3 Qxc3 12. Qd3 Qxd3+ 13. Kxd3 Nc6 14. c3 Be7 15. Bxe7 Kxe7 16. Kd2 b6 17. Bd3 Bb7 18. Be4 Rac8 19. d5 Na5 20. Nd4 Nc4+ 21. Ke2 Rc5 22. d6+ Nxd6 23. Bxb7 Nxb7 24. Rhc1 Rc4 25. Kd2 Nd6 26. Nb5 Nxb5 27. Rxb5 Rhc8 28. Kd3 d5 29. Rb3 Ra4 30. Rc2 Rcc4 31. f3 g5 32. g3 h5 33. Rb1 g4 34. f4 h4 35. Re1 f5 36. Rce2 Re4 37. Rxe4 dxe4+ 38. Ke3 Rxa2 39. gxh4 Rxh2 40. Ra1 Rh3+ 41. Kd4 Rd3+ 42. Kc4 g3 43. Rxa7+ Kf6 44. h5 g2 45. Ra1 Rh3 46. Rg1 Rxh5 47. Rxg2 Rh3 48. Rg8 Rf3 49. Rf8+ Ke7 50. Rh8 Rxf4 51. Kb5 e3 52. Rh7+ Kd6 0-1

[Event "Titled Tuesday intern op 01st Feb-A"]
[Site "Chess.com INT"]
[Date "2022.02.01"]
[Round "4"]
[White "Azaiez, Fahmi"]
[Black "Torres Hernandez, Leslie Carolin"]
[Result "1-0"]
[WhiteElo "2129"]
[BlackElo "1884"]
[PlyCount "33"]
[EventDate "2022.02.01"]
[EventType "swiss (blitz)"]
[EventRounds "11"]
[EventCountry "USA"]
[SourceTitle "CBM 206 Extra"]
[Source "ChessBase"]
[SourceDate "2022.03.31"]
[SourceVersion "1"]
[SourceVersionDate "2022.03.31"]
[SourceQuality "1"]

1. e4 e6 2. d4 d5 3. Nc3 Nf6 4. Bg5 dxe4 5. Nxe4 b6 6. Bb5+ c6 7. Qf3 Qxd4 8. Nxf6+ gxf6 9. Bxf6 Qb4+ 10. Bc3 Qxb5 11. Bxh8 Bb4+ 12. Bc3 Bxc3+ 13. Qxc3 Bb7 14. Nf3 Nd7 15. 0-0-0 c5 16. Ne5 Nf6 17. Nc4 1-0

[Event "TUN-ch"]
[Site "Hammamet"]
[Date "2018.02.22"]
[Round "11"]
[White "Bouzidi, Ahmed"]
[Black "Azaiez, Fahmi"]
[Result "1/2-1/2"]
[WhiteElo "2247"]
[BlackElo "2113"]
[PlyCount "28"]
[EventDate "2018.02.14"]
[EventType "tourn"]
[EventRounds "11"]
[EventCountry "TUN"]
[SourceTitle "CBM 183 Extra"]
[Source "ChessBase"]
[SourceDate "2018.04.19"]
[SourceVersion "1"]
[SourceVersionDate "2018.04.19"]
[SourceQuality "1"]

1. e4 e6 2. d4 d5 3. Nc3 Bb4 4. e5 Ne7 5. a3 Bxc3+ 6. bxc3 c5 7. Qg4 Qc7 8. Qxg7 Rg8 9. Qxh7 cxd4 10. Ne2 dxc3 11. f4 Nbc6 12. h4 Bd7 13. h5 0-0-0 14. Qd3 d4 1/2-1/2

[Event "TUN-ch"]
[Site "Hammamet"]
[Date "2018.02.15"]
[Round "2"]
[White "Azaiez, Fahmi"]
[Black "Nouira, Najeh"]
[Result "1-0"]
[WhiteElo "2113"]
[BlackElo "1874"]
[PlyCount "77"]
[EventDate "2018.02.14"]
[EventType "tourn"]
[EventRounds "11"]
[EventCountry "TUN"]
[SourceTitle "CBM 183 Extra"]
[Source "ChessBase"]
[SourceDate "2018.04.19"]
[SourceVersion "1"]
[SourceVersionDate "2018.04.19"]
[SourceQuality "1"]

1. d4 Nf6 2. c4 e6 3. Nf3 d5 4. g3 c6 5. Qc2 Nbd7 6. Bg2 Be7 7. Nbd2 0-0 8. 0-0 b6 9. e4 Bb7 10. e5 Ne8 11. cxd5 cxd5 12. Re1 Nc7 13. Nf1 Rc8 14. Qd1 Re8 15. h4 Nf8 16. N1h2 h6 17. Ng4 Nh7 18. Bf4 h5 19. Ngh2 g6 20. Re3 Na6 21. a3 Nb8 22. g4 hxg4 23. Nxg4 Bxh4 24. Nxh4 Qxh4 25. Rh3 Qe7 26. Nf6+ Nxf6 27. exf6 Qd8 28. Qg4 Nd7 29. Qh4 Qxf6 30. Qh7+ Kf8 31. Bd6+ Re7 32. Rf3 Rd8 33. Rxf6 Nxf6 34. Qh8+ Ng8 35. Qe5 Ke8 36. Bxe7 Nxe7 37. Rc1 Nc6 38. Qc7 Rd7 39. Rxc6 1-0

[Event "Monastir Moknine op-A"]
[Site "Monastir"]
[Date "2017.09.08"]
[Round "5"]
[White "Azaiez, Fahmi"]
[Black "Nassr, Ahmed"]
[Result "1/2-1/2"]
[WhiteElo "2133"]
[BlackElo "2146"]
[PlyCount "40"]
[EventDate "2017.09.05"]
[EventType "swiss"]
[EventRounds "9"]
[EventCountry "TUN"]
[SourceTitle "CBM 180 Extra"]
[Source "ChessBase"]
[SourceDate "2017.10.06"]
[SourceVersion "1"]
[SourceVersionDate "2017.10.06"]
[SourceQuality "1"]

1. d4 Nf6 2. c4 e6 3. Nf3 d5 4. g3 Be7 5. Bg2 c6 6. Qc2 Nbd7 7. 0-0 0-0 8. Nbd2 b6 9. e4 dxe4 10. Nxe4 Bb7 11. Rd1 Qc8 12. b3 c5 13. Nxf6+ Nxf6 14. Bb2 Re8 15. Re1 Qc7 16. Rad1 Rad8 17. dxc5 bxc5 18. Ne5 Bxg2 19. Kxg2 Qb7+ 20. Kg1 Qc7 1/2-1/2

[Event "Monastir Moknine op-A"]
[Site "Monastir"]
[Date "2017.09.08"]
[Round "6"]
[White "Ouaret, Abdelouhab"]
[Black "Azaiez, Fahmi"]
[Result "1-0"]
[WhiteElo "2109"]
[BlackElo "2133"]
[PlyCount "99"]
[EventDate "2017.09.05"]
[EventType "swiss"]
[EventRounds "9"]
[EventCountry "TUN"]
[SourceTitle "CBM 180 Extra"]
[Source "ChessBase"]
[SourceDate "2017.10.06"]
[SourceVersion "1"]
[SourceVersionDate "2017.10.06"]
[SourceQuality "1"]

1. Nf3 c5 2. g3 Nc6 3. Bg2 e5 4. d3 g6 5. c4 Bg7 6. Nc3 Nge7 7. 0-0 0-0 8. a3 d6 9. Rb1 a5 10. Bd2 h6 11. Ne1 f5 12. Nc2 g5 13. b4 axb4 14. axb4 cxb4 15. Nd5 e4 16. Ncxb4 exd3 17. exd3 Nd4 18. Nxe7+ Qxe7 19. Nd5 Qd8 20. Re1 Nc6 21. Be3 f4 22. Bb6 Qd7 23. Nc7 fxg3 24. hxg3 Ra2 25. Bd5+ Kh8 26. Ne6 Re8 27. Nxg7 Kxg7 28. Qh5 Rf8 29. Re6 Qxe6 30. Bxe6 Bxe6 31. Be3 Rf7 32. f4 g4 33. f5 Bxf5 34. Bxh6+ Kg8 35. Rf1 Ra5 36. Bd2 Re5 37. Bc3 Rh7 38. Qg5+ Rg7 39. Qd2 Bd7 40. Bxe5 Nxe5 41. Qa5 Nf3+ 42. Kf2 Rf7 43. Qd8+ Kg7 44. Rh1 Ng5+ 45. Ke2 Nh3 46. Rf1 Bf5 47. Kd2 Rf6 48. Qe7+ Rf7 49. Qxd6 Rd7 50. Qe5+ 1-0

[Event "Monastir Moknine op-A"]
[Site "Monastir"]
[Date "2017.09.06"]
[Round "2"]
[White "Meftahi, Houssem"]
[Black "Azaiez, Fahmi"]
[Result "1/2-1/2"]
[WhiteElo "2074"]
[BlackElo "2133"]
[PlyCount "80"]
[EventDate "2017.09.05"]
[EventType "swiss"]
[EventRounds "9"]
[EventCountry "TUN"]
[SourceTitle "CBM 180 Extra"]
[Source "ChessBase"]
[SourceDate "2017.10.06"]
[SourceVersion "1"]
[SourceVersionDate "2017.10.06"]
[SourceQuality "1"]

1. d4 e6 2. Nf3 f5 3. g3 Nf6 4. Bg2 Be7 5. 0-0 0-0 6. c4 d6 7. Nc3 Ne4 8. Qc2 Nxc3 9. Qxc3 Bf6 10. Rd1 Qe7 11. Qc2 e5 12. e3 Nc6 13. a3 a5 14. b3 f4 15. gxf4 exd4 16. exd4 Bg4 17. Be3 g5 18. Nxg5 Qg7 19. h3 Bxd1 20. Rxd1 Rae8 21. d5 Nd8 22. Ne4 Qg6 23. Qb1 Bg7 24. Qd3 Re7 25. Ng5 Qxd3 26. Rxd3 Kh8 27. h4 h6 28. Nf3 b6 29. a4 Bf6 30. Kf1 Nb7 31. Nd4 Nc5 32. Rd1 Bxh4 33. Bh3 Ref7 34. Ne6 Re8 35. Bg4 Bf6 36. Bxc5 bxc5 37. Bh5 Ree7 38. Bxf7 Rxf7 39. Rd3 Kh7 40. Kg2 Kg6 1/2-1/2

[Event "Algiers zt 4.1"]
[Site "Algiers"]
[Date "2017.05.17"]
[Round "8"]
[White "Azaiez, Fahmi"]
[Black "Talbi, Chafik"]
[Result "0-1"]
[WhiteElo "2145"]
[BlackElo "2187"]
[PlyCount "126"]
[EventDate "2017.05.12"]
[EventType "swiss"]
[EventRounds "9"]
[EventCountry "ALG"]
[SourceTitle "CBM 178 Extra"]
[Source "ChessBase"]
[SourceDate "2017.06.22"]
[SourceVersion "1"]
[SourceVersionDate "2017.06.22"]
[SourceQuality "1"]

1. e4 c5 2. Nc3 d6 3. Nge2 Nc6 4. d4 cxd4 5. Nxd4 Nf6 6. Bc4 e5 7. Nf5 Bxf5 8. exf5 Qd7 9. Be3 Qxf5 10. Qe2 Be7 11. 0-0-0 a6 12. f3 h5 13. Rhg1 h4 14. g4 hxg3 15. hxg3 Rh3 16. Rdf1 Qd7 17. g4 b5 18. g5 Nh5 19. Bd5 Rc8 20. g6 fxg6 21. Qd3 e4 22. Qxe4 Ne5 23. f4 Nf6 24. Qd4 Neg4 25. Bd2 Nxd5 26. Nxd5 Qf5 27. Nc3 Kf8 28. Rh1 Rxh1 29. Rxh1 Nf6 30. a3 Kf7 31. Rg1 Qc5 32. Be3 Qxd4 33. Bxd4 Rc4 34. Be3 Bd8 35. Rd1 Bc7 36. Bd4 Nh5 37. Nd5 Bd8 38. b3 Rc8 39. Re1 Bh4 40. Re3 Ng3 41. Bb2 Nf5 42. Re4 Bf6 43. a4 Rc5 44. Nb4 a5 45. Nd3 Rd5 46. Bxf6 gxf6 47. Kd2 bxa4 48. Rxa4 Nd4 49. Ra2 Nc6 50. Ke3 Rh5 51. c3 Rh3+ 52. Ke2 Ke6 53. Ra4 Rh2+ 54. Nf2 Rh5 55. Rc4 Rc5 56. Rxc5 dxc5 57. Ne4 c4 58. bxc4 Kf5 59. Kf3 a4 60. Nc5 a3 61. Nb3 g5 62. Na1 gxf4 63. Nb3 Ne5+ 0-1

[Event "Algiers zt 4.1"]
[Site "Algiers"]
[Date "2017.05.15"]
[Round "6"]
[White "Bengherabi, Khalil"]
[Black "Azaiez, Fahmi"]
[Result "1/2-1/2"]
[WhiteElo "2237"]
[BlackElo "2145"]
[PlyCount "60"]
[EventDate "2017.05.12"]
[EventType "swiss"]
[EventRounds "9"]
[EventCountry "ALG"]
[SourceTitle "CBM 178 Extra"]
[Source "ChessBase"]
[SourceDate "2017.06.22"]
[SourceVersion "1"]
[SourceVersionDate "2017.06.22"]
[SourceQuality "1"]

1. e4 e6 2. d4 d5 3. Nc3 Bb4 4. a3 Bxc3+ 5. bxc3 dxe4 6. Qg4 Nf6 7. Qxg7 Rg8 8. Qh6 Rg6 9. Qd2 Nc6 10. Ne2 b6 11. Bb2 Bb7 12. c4 Qe7 13. Nf4 Rg8 14. Qc3 Nd7 15. d5 Na5 16. g3 e5 17. Ne2 Qc5 18. Nc1 c6 19. Nb3 Nxb3 20. cxb3 cxd5 21. cxd5 Qxc3+ 22. Bxc3 Rc8 23. Rc1 Bxd5 24. Bb5 Rc5 25. Bxd7+ Kxd7 26. b4 Rc4 27. 0-0 Rgc8 28. Bd2 Rxc1 29. Rxc1 Rxc1+ 30. Bxc1 Ke6 1/2-1/2

[Event "TUN-ch"]
[Site "Hammamet"]
[Date "2016.12.06"]
[Round "2"]
[White "Azaiez, Fahmi"]
[Black "Amdouni, Zoubaier"]
[Result "1/2-1/2"]
[WhiteElo "2135"]
[BlackElo "2317"]
[PlyCount "42"]
[EventDate "2016.12.05"]
[EventType "swiss"]
[EventRounds "9"]
[EventCountry "TUN"]
[SourceTitle "CBM 176 Extra"]
[Source "ChessBase"]
[SourceDate "2017.03.02"]
[SourceVersion "1"]
[SourceVersionDate "2017.03.02"]
[SourceQuality "1"]

1. d4 d5 2. c4 e6 3. Nc3 Nf6 4. cxd5 exd5 5. Bg5 c6 6. e3 Be7 7. Bd3 Nbd7 8. Qc2 Nh5 9. Bxe7 Qxe7 10. Nge2 Ndf6 11. h3 g6 12. g4 Ng7 13. 0-0-0 h5 14. g5 Nh7 15. h4 Bf5 16. Ng3 Bxd3 17. Qxd3 0-0-0 18. Kb1 Rhe8 19. Rc1 Kb8 20. Na4 Nf8 21. Qb3 Ka8 1/2-1/2

[Event "TUN-chB"]
[Site "Hammamet"]
[Date "2016.10.16"]
[Round "2"]
[White "Azaiez, Fahmi"]
[Black "Barhoumi, Med Anis"]
[Result "1-0"]
[WhiteElo "2121"]
[BlackElo "1941"]
[PlyCount "57"]
[EventDate "2016.10.15"]
[EventType "swiss"]
[EventRounds "9"]
[EventCountry "TUN"]
[SourceTitle "EXT 2018"]
[Source "ChessBase"]
[SourceDate "2017.10.13"]
[SourceVersion "1"]
[SourceVersionDate "2017.10.13"]
[SourceQuality "1"]

1. e4 c5 2. Nf3 d6 3. d4 cxd4 4. Nxd4 Nf6 5. Nc3 a6 6. Bg5 e6 7. f4 Nc6 8. Nxc6 bxc6 9. e5 h6 10. Bh4 g5 11. fxg5 Nd5 12. Ne4 Qb6 13. c3 Rb8 14. g6 Qe3+ 15. Qe2 fxg6 16. Nf6+ Kf7 17. Nxd5 Qxe2+ 18. Bxe2 exd5 19. 0-0+ Kg8 20. Bd3 Rh7 21. Rae1 dxe5 22. Rxe5 Bd7 23. b4 Rf7 24. Bxg6 Rxf1+ 25. Kxf1 Bg7 26. Re7 Rf8+ 27. Ke2 Bg4+ 28. Kd2 a5 29. bxa5 1-0

[Event "TUN selection"]
[Site "Borj Cedria"]
[Date "2014.01.15"]
[Round "6"]
[White "Meddeb, Anis"]
[Black "Azaiez, Fahmi"]
[Result "1/2-1/2"]
[WhiteElo "2119"]
[BlackElo "2087"]
[PlyCount "64"]
[EventDate "2014.01.11"]
[EventType "swiss"]
[EventRounds "9"]
[EventCountry "TUN"]
[SourceTitle "CBM 158 Extra"]
[Source "ChessBase"]
[SourceDate "2014.02.28"]
[SourceVersion "1"]
[SourceVersionDate "2014.02.28"]
[SourceQuality "1"]

1. e4 e6 2. d4 d5 3. e5 c5 4. c3 Nc6 5. Nf3 Bd7 6. Be2 Nge7 7. 0-0 Nf5 8. Na3 cxd4 9. cxd4 Qb6 10. Nc2 Na5 11. Ne3 Nxe3 12. Bxe3 Bb5 13. Rc1 Bxe2 14. Qxe2 Nc6 15. Ng5 Be7 16. Qh5 Bxg5 17. Qxg5 0-0 18. Rc3 f5 19. Rb3 Qd8 20. Qf4 Rf7 21. h4 Rc8 22. Bd2 Ne7 23. h5 Rc4 24. Rg3 b5 25. b3 Rc2 26. Bb4 Nc6 27. Bc5 Qa5 28. Qh6 Nd8 29. b4 Qxa2 30. Qg5 Nc6 31. Qh6 Nd8 32. Qg5 Nc6 1/2-1/2

[Event "Arab Clubs-chT"]
[Site "Monastir"]
[Date "2013.11.07"]
[Round "5.1"]
[White "Amin, Bassem"]
[Black "Azaiez, Fahmi"]
[Result "1-0"]
[WhiteElo "2652"]
[BlackElo "2084"]
[PlyCount "65"]
[EventDate "2013.11.04"]
[EventType "team-tourn"]
[EventRounds "9"]
[EventCountry "TUN"]
[SourceTitle "EXT 2014"]
[Source "ChessBase"]
[SourceDate "2013.11.20"]
[SourceVersion "1"]
[SourceVersionDate "2013.11.20"]
[SourceQuality "1"]
[WhiteTeam "Sharkia Dokhan"]
[BlackTeam "Sfax"]
[WhiteTeamCountry "EGY"]
[BlackTeamCountry "TUN"]

1. e4 e6 2. d3 d5 3. Nd2 c5 4. g3 g6 5. Bg2 Bg7 6. Ngf3 Nc6 7. 0-0 Nge7 8. Re1 b6 9. c3 a5 10. Nf1 dxe4 11. dxe4 Qxd1 12. Rxd1 Ra7 13. a4 Ba6 14. Ne3 Rd7 15. Rxd7 Kxd7 16. Bf1 Bxf1 17. Kxf1 Ne5 18. Nxe5+ Bxe5 19. Nc4 Bc7 20. Bg5 Ng8 21. Rd1+ Kc6 22. e5 h5 23. Bd8 Nh6 24. Bxc7 Kxc7 25. Rd6 Rb8 26. Na3 Rb7 27. h3 Nf5 28. Rd3 Ne7 29. Nb5+ Kb8 30. Rd8+ Nc8 31. Ke2 Re7 32. Nd6 Rc7 33. Kd3 1-0

[Event "Monastir Slama Memorial op"]
[Site "Monastir"]
[Date "2013.09.09"]
[Round "1"]
[White "Azaiez, Fahmi"]
[Black "Lazic, Miroljub"]
[Result "0-1"]
[WhiteElo "2073"]
[BlackElo "2439"]
[PlyCount "66"]
[EventDate "2013.09.09"]
[EventType "swiss"]
[EventRounds "9"]
[EventCountry "TUN"]
[SourceTitle "CBM 156 Extra"]
[Source "ChessBase"]
[SourceDate "2013.10.22"]
[SourceVersion "1"]
[SourceVersionDate "2013.10.22"]
[SourceQuality "1"]

1. e4 d6 2. d4 Nf6 3. Nc3 e5 4. Nf3 Nbd7 5. Bc4 Be7 6. 0-0 0-0 7. Re1 c6 8. a4 a5 9. h3 exd4 10. Qxd4 Nc5 11. Bf4 Ne8 12. Bg3 Be6 13. Rad1 Qb6 14. Bxe6 fxe6 15. b3 Rd8 16. Qe3 e5 17. Nd2 Nc7 18. Nc4 Qa7 19. Rd2 N7e6 20. h4 b6 21. Ne2 b5 22. axb5 cxb5 23. Nb2 b4 24. Ra1 Qa6 25. Nd3 Qb5 26. Nxc5 Nxc5 27. c4 Qc6 28. Rxa5 Nxe4 29. Rda2 Nc5 30. Nc1 Bf6 31. Nd3 Nxb3 32. Nxb4 Qxc4 33. R5a4 Nc5 0-1